Lý thuyết kinh doanh chênh lệch giá (ATP): Các bằng chứng thực nghiệm từ thị trường chứng khoán Việt Nam : Luận văn Thạc sĩ Kinh tế. Chuyên ngành Tài chính - Ngân hàng

Đề tài đo lường ảnh hưởng của một số yếu tố vĩ mô đến tỷ suất sinh lời của các cổ phiếu niêm yết trên Sở giao dịch chứng khoán Thành phố Hồ Chí Minh (HOSE).

Saved in:
Bibliographic Details
Main Author: Nguyễn, Thị Thúy Duy
Format: Book
Language:Undetermined
Published: Cần Thơ Trường Đại học Cần Thơ 2015
Subjects:
Tags: Add Tag
No Tags, Be the first to tag this record!
Institutions: Trung tâm Học liệu Trường Đại học Cần Thơ
LEADER 01167nam a2200217Ia 4500
001 CTU_200985
008 210402s9999 xx 000 0 und d
082 |a 332.642 
082 |b D523 
088 |a 60340201 
100 |a Nguyễn, Thị Thúy Duy 
245 0 |a Lý thuyết kinh doanh chênh lệch giá (ATP): Các bằng chứng thực nghiệm từ thị trường chứng khoán Việt Nam : 
245 0 |b Luận văn Thạc sĩ Kinh tế. Chuyên ngành Tài chính - Ngân hàng 
245 0 |c Nguyễn Thị Thúy Duy ; Trương Đông Lộc (Cán bộ hướng dẫn) 
260 |a Cần Thơ 
260 |b Trường Đại học Cần Thơ 
260 |c 2015 
520 |a Đề tài đo lường ảnh hưởng của một số yếu tố vĩ mô đến tỷ suất sinh lời của các cổ phiếu niêm yết trên Sở giao dịch chứng khoán Thành phố Hồ Chí Minh (HOSE). 
650 |a Thị trường chứng khoán,Stock exchanges 
910 |a Khoa,Hải 
980 |a Trung tâm Học liệu Trường Đại học Cần Thơ